Akhenaten, dweller in truth / (Record no. 2681)
[ view plain ]
| 000 -LEADER | |
|---|---|
| fixed length control field | 01379cac a22003615a 4500 |
| 003 - CONTROL NUMBER IDENTIFIER | |
| control field | EG-ScBUE |
| 005 - DATE AND TIME OF LATEST TRANSACTION | |
| control field | 20220315135736.0 |
| 008 - FIXED-LENGTH DATA ELEMENTS--GENERAL INFORMATION | |
| fixed length control field | 150813r20042001ua f 000 f eng d |
| 020 ## - INTERNATIONAL STANDARD BOOK NUMBER | |
| International Standard Book Number | 9774246845 |
| 020 ## - INTERNATIONAL STANDARD BOOK NUMBER | |
| International Standard Book Number | 9789774246845 |
| 040 ## - CATALOGING SOURCE | |
| Original cataloging agency | EG-ScBUE |
| Language of cataloging | eng |
| Description conventions | rda |
| Transcribing agency | EG-ScBUE |
| Modifying agency | EG-ScBUE |
| 041 1# - LANGUAGE CODE | |
| Language code of text/sound track or separate title | eng |
| Language code of original and/or intermediate translations of text | ara |
| 082 04 - DEWEY DECIMAL CLASSIFICATION NUMBER | |
| Classification number | 892.736 |
| Item number | MAH |
| Edition number | 22 |
| 100 1# - MAIN ENTRY--PERSONAL NAME | |
| Personal name | Maḥfūẓ, Najīb, |
| Dates associated with a name | 1911-2006, |
| Relator term | author. |
| 245 10 - TITLE STATEMENT | |
| Title | Akhenaten, dweller in truth / |
| Statement of responsibility, etc | Naguib Mahfouz ; translated by Tagreid Abu-Hassabo. |
| 250 ## - EDITION STATEMENT | |
| Edition statement | Third printing. |
| 264 #1 - PUBLICATION, DISTRIBUTION, ETC. (IMPRINT) | |
| Place of publication, distribution, etc | Cairo : |
| Name of publisher, distributor, etc | The American University in Cairo Press, |
| Date of publication, distribution, etc | 2004. |
| 300 ## - PHYSICAL DESCRIPTION | |
| Extent | 172 pages ; |
| Dimensions | 21 cm. |
| 336 ## - CONTENT TYPE | |
| Source | rdacontent |
| Content type term | text |
| Content type code | txt |
| 337 ## - MEDIA TYPE | |
| Source | rdamedia |
| Media type term | unmediated |
| Media type code | n |
| 338 ## - CARRIER TYPE | |
| Source | rdacarrier |
| Carrier type term | volume |
| Carrier type code | nc |
| 490 ## - SERIES STATEMENT | |
| Series statement | Modern Arabic writing |
| 546 ## - LANGUAGE NOTE | |
| Language note | Text in English ; translated from the original Arabic. |
| 600 07 - SUBJECT ADDED ENTRY--PERSONAL NAME | |
| Personal name | Akhenaton, |
| Source of heading or term | BUEsh |
| 650 #7 - SUBJECT ADDED ENTRY--TOPICAL TERM | |
| Topical term or geographic name as entry element | Arabic fiction |
| General subdivision | Translation into English. |
| Source of heading or term | BUEsh |
| 651 #7 - SUBJECT ADDED ENTRY--GEOGRAPHIC NAME | |
| Geographic name | Egypt |
| General subdivision | History |
| Chronological subdivision | Eighteenth dynasty. |
| Source of heading or term | BUEsh |
| 9 (RLIN) | 10883 |
| 653 ## - INDEX TERM--UNCONTROLLED | |
| Resource For college | Arabic Literature |
| Arrived date list | August2015 |
| 655 ## - INDEX TERM--GENRE/FORM | |
| Form subdivision | Reading book |
| 9 (RLIN) | 34232 |
| 700 1# - ADDED ENTRY--PERSONAL NAME | |
| Personal name | Abu-Hassabo, Tagreid, |
| Relator term | translator. |
| 856 42 - ELECTRONIC LOCATION AND ACCESS | |
| Materials specified | Contributor biographical information |
| Uniform Resource Identifier | <a href="http://www.loc.gov/catdir/bios/random059/99056659.html">http://www.loc.gov/catdir/bios/random059/99056659.html</a> |
| 856 42 - ELECTRONIC LOCATION AND ACCESS | |
| Materials specified | Publisher description |
| Uniform Resource Identifier | <a href="http://www.loc.gov/catdir/description/random0414/99056659.html">http://www.loc.gov/catdir/description/random0414/99056659.html</a> |
| 942 ## - ADDED ENTRY ELEMENTS (KOHA) | |
| Koha item type | Book - Borrowing |
| Source of classification or shelving scheme | Dewey Decimal Classification |
| Withdrawn status | Lost status | Source of classification or shelving scheme | Damaged status | Not for loan | Home library | Current library | Shelving location | Date acquired | Source of acquisition | Total Checkouts | Total Renewals | Full call number | Barcode | Date last seen | Date checked out | Koha item type |
|---|---|---|---|---|---|---|---|---|---|---|---|---|---|---|---|---|
| Dewey Decimal Classification | Central Library | Central Library | Second Floor | 26/03/2007 | Purchase | 3 | 1 | 892.736 MAH | 000001820 | 15/07/2025 | 16/05/2012 | Book - Borrowing |